000
00298 a2200145 4500
001
154706
040
_c
Escola São Tomás de Aquino
240
1
0
_a
Brasil 500 anos
_l
por
245
1
0
_a
Brasil 500 anos
300
_a
48
362
0
_a
1999
440
1
_a
Ática
697
_a
HISTÓRIA
942
_c
BK
999
_c
154706
_d
154706